বাংলার লোকউৎসব : (Record no. 44107)
[ view plain ]
| 000 -LEADER | |
|---|---|
| fixed length control field | 01002nam a2200277 a 4500 |
| 001 - CONTROL NUMBER | |
| control field | 44107 |
| 003 - CONTROL NUMBER IDENTIFIER | |
| rucl marc code | BD-RjUL |
| 005 - DATE AND TIME OF LATEST TRANSACTION | |
| control field | 20211209053812.0 |
| 008 - FIXED-LENGTH DATA ELEMENTS--GENERAL INFORMATION | |
| fixed length control field | 160713s2007 bg a|||| |||| 00| 0 ben d |
| 020 ## - INTERNATIONAL STANDARD BOOK NUMBER | |
| International Standard Book Number | 9840746081 |
| Terms of availability | : Tk. 130.00 |
| 035 ## - SYSTEM CONTROL NUMBER | |
| System control number | (BD-RjUL) 44225 |
| 040 ## - CATALOGING SOURCE | |
| Original cataloging agency | BD-RjUL |
| Language of cataloging | ben |
| Transcribing agency | BD-RjUL |
| 041 ## - LANGUAGE CODE | |
| Language code of text/sound track or separate title | ben |
| 082 ## - DEWEY DECIMAL CLASSIFICATION NUMBER | |
| Edition number | 22 |
| Classification number | 394.26 |
| Author mark and year | HUB 2007 |
| 100 1# - MAIN ENTRY--PERSONAL NAME | |
| Personal name | হক, ফাহমিদা |
| 9 (RLIN) | 135428 |
| 245 10 - TITLE STATEMENT | |
| Title | বাংলার লোকউৎসব : |
| Remainder of title | বেড়া ভাসান / |
| Statement of responsibility, etc. | ফাহমিদা হক |
| 260 ## - PUBLICATION, DISTRIBUTION, ETC. (IMPRINT) | |
| Place of publication, distribution, etc. | ঢাকা : |
| Name of publisher, distributor, etc. | বাংলা একাডেমী, |
| Date of publication, distribution, etc. | ২০০৭ |
| 300 ## - PHYSICAL DESCRIPTION | |
| Pagination | [১২] ১৪০ পৃ. : |
| Illustrations | চিত্র ; |
| Size | ২১ সেমি. |
| 650 ## - SUBJECT ADDED ENTRY--TOPICAL TERM | |
| Topical term or geographic name as entry element | উৎসব |
| General subdivision | বাংলা |
| Geographic subdivision | ভারত |
| 9 (RLIN) | 135429 |
| Topical term or geographic name as entry element | Festivals |
| General subdivision | Bengal |
| Geographic subdivision | India |
| 9 (RLIN) | 135430 |
| Topical term or geographic name as entry element | উৎসব |
| 9 (RLIN) | 135431 |
| Topical term or geographic name as entry element | Festivals |
| 9 (RLIN) | 135432 |
| 651 ## - SUBJECT ADDED ENTRY--GEOGRAPHIC NAME | |
| Geographic name | ভারত |
| General subdivision | বাংলা |
| 9 (RLIN) | 135433 |
| Geographic name | India |
| Geographic subdivision | Bengal |
| 9 (RLIN) | 135434 |
| 942 ## - ADDED ENTRY ELEMENTS (KOHA) | |
| Source of classification or shelving scheme | Dewey Decimal Classification |
| Koha item type | Books |
| Lost status | Source of classification or shelving scheme | Damaged status | Not for loan | Collection code | Permanent Location | Current Location | Shelving location | Date acquired | Source of acquisition | Cost, normal purchase price | Total Checkouts | Full call number | Date last seen | Copy number | Koha item type |
|---|---|---|---|---|---|---|---|---|---|---|---|---|---|---|---|
| Dewey Decimal Classification | Non-fiction | Central Library, University of Rajshahi | Central Library, University of Rajshahi | 28/07/2012 | Bangla Academy, Dhaka | 130.00 | B 394.26 HUB 2007 | 13/07/2016 | C-2 | Books | |||||
| Dewey Decimal Classification | Non-fiction | Central Library, University of Rajshahi | Central Library, University of Rajshahi | 28/07/2012 | Bangla Academy, Dhaka | 130.00 | B 394.26 HUB 2007 | 21/09/2016 | C-3 | Books |